| 000 | 01168nam a2200325 c 4500 | ||
|---|---|---|---|
| 999 |
_c185624 _d185624 |
||
| 003 | BLK | ||
| 005 | 20240604005405.0 | ||
| 008 | 180411b bul|||||r ||||||| ||bul|| | ||
| 010 | _aKNG00194618000 | ||
| 040 | _aBLK | ||
| 041 |
_aBUL _cBUL |
||
| 080 |
_aБългарска литература _b821.163.2 _x-32 _z821.163.2-32 |
||
| 100 |
_aЕлин Пелин _qСтоянов, Димитър Иванов _9363511 |
||
| 139 |
_aЕлин Пелин _bЕ 53 |
||
| 245 | 1 | 0 |
_aПод манастирската лоза _bРазкази _cЕлин Пелин; с предг. от Ивайло Петров. |
| 257 | _aBGR | ||
| 260 |
_aСофия _bБълг. писател _c1986 |
||
| 300 |
_a87 с. _c17 см |
||
| 380 | _aX | ||
| 490 |
_aБългарска сбирка _9202550 |
||
| 500 | _a43 112 тир. - Ново изд. | ||
| 700 | 1 |
_aПетров, Ивайло _eс предг. от _gКючуков, Продан Петров _9364118 |
|
| 852 | _aЦб І 22880 | ||
| 856 | 4 | _qpdf | |
| 856 | 4 | _qpdf | |
| 942 |
_cKNG _n0 _s1 |
||
| 944 |
_aCR _c26.10.2016 _k _lCRON CRON |
||
| 944 |
_aED _c26.10.2016 _kЛюбка_Николова |
||
| 999 | _d185624 | ||